New executive competencies for leading change (Record no. 38872)

000 -LEADER
fixed length control field 00407pab a2200169 454500
008 - FIXED-LENGTH DATA ELEMENTS--GENERAL INFORMATION
fixed length control field 180718b1998 xxu||||| |||| 00| 0 eng d
100 ## - MAIN ENTRY--PERSONAL NAME
Personal name Edwards, Joyce
245 ## - TITLE STATEMENT
Title New executive competencies for leading change
260 ## - PUBLICATION, DISTRIBUTION, ETC.
Date of publication, distribution, etc. 1998
300 ## - PHYSICAL DESCRIPTION
Extent p.41-43
362 ## - DATES OF PUBLICATION AND/OR SEQUENTIAL DESIGNATION
Dates of publication and/or sequential designation Summer
650 ## - SUBJECT ADDED ENTRY--TOPICAL TERM
Topical term or geographic name entry element Managers
650 ## - SUBJECT ADDED ENTRY--TOPICAL TERM
Topical term or geographic name entry element Civil service
700 ## - ADDED ENTRY--PERSONAL NAME
Personal name Gregory, Douna
773 ## - HOST ITEM ENTRY
Main entry heading Public Manager
909 ## -
-- 38872
Holdings
Withdrawn status Lost status Damaged status Not for loan Permanent Location Current Location Date acquired Serial Enumeration / chronology Barcode Date last seen Price effective from Koha item type
        Indian Institute of Public Administration Indian Institute of Public Administration 2018-07-19 Volume no: 27, Issue no: 2 AR39233 2018-07-19 2018-07-19 Articles

Powered by Koha